| 000 | 01224nam0a22003251 4500 | ||
|---|---|---|---|
| 001 | rc\2147539 | ||
| 005 | 20250623013622.0 | ||
| 035 | _a(NLR Aleph) 006512809 | ||
| 090 |
_a6348209 _c6348209 |
||
| 100 | _a20110829d1978 |||y0rusy50 ca | ||
| 101 | 0 |
_arus _aben |
|
| 102 | _aRU | ||
| 105 | _ay e ||||| | ||
| 200 | 1 |
_aСловарь бенгальского языка с русскими эквивалентами _eОколо 21000 слов _fВ.Н. Лоскутов, Р.В. Валуева, Б.Г. Полянский _gПод ред. Е.М. Быковой и Нони Бхоумика |
|
| 205 | _a2-е изд., испр. | ||
| 210 |
_aМосква _cРус. яз. _d1978 |
||
| 215 |
_a752 с. _d20 |
||
| 320 | _aСписок лит.: с. 9 (7 назв.) | ||
| 606 |
_aБенгальско-русские словари _2psbo |
||
| 700 | 1 |
_aЛоскутов _bВ.Н. _gВикентий Николаевич |
|
| 701 | 1 |
_aПолянский _bБ.Г. |
|
| 701 | 1 |
_aВалуева _bР.В. |
|
| 702 | 1 |
_aБыкова _bЕ.М. _4340 |
|
| 702 | 1 |
_aБхоумик _bН. _gНони _4340 |
|
| 801 | 0 |
_aRU _bNLR _gpsbo |
|
| 801 | 1 |
_aRU _bELAR _2rusmarc |
|
| 852 |
_aNLR _bОЛСАА |
||
| 942 | _cBOOK | ||
| 980 | _aNB | ||